| 000 | 00398pab a2200145 454500 | ||
|---|---|---|---|
| 008 | 180718b1983 xxu||||| |||| 00| 0 eng d | ||
| 100 | _aGormley, William T., Jr. | ||
| 245 | _aPolicy, Politics and public utility regulation | ||
| 260 | _c1983 | ||
| 300 | _a86-105 | ||
| 362 | _aFeb. | ||
| 650 | _aPublic Utilities - Regulation | ||
| 773 | _aAmerican Journal of Political Science | ||
| 909 | _a16755 | ||
| 999 |
_c16755 _d16755 |
||